01636nam a2200337   4500003000900000005001700009008004100026017001400067020001500081040004600096041000800142082002700150092000700177099003500184100005600219245012800275264007300403300002800476336002200504337002400526338003300550504010800583546009600691650005300787856005700840905000700897942001900904999001700923952017900940952017901119EG-GICUC20260121101216.0251112s2010    ua ||||fr|||| 00| 0 ara d  a200923893  a9773285421  a EG-GICUCbarac EG-GICUCd EG-GICUCerda0 aara04221a341.84bج ا . ت04221  aLaw1 12	341.84 ج ا . ت 20100 aجابر سالم عبد الغفار eمؤلف.10aتنازع القوانين في مجال حوادث العمل/cجابر سالم عبد الغفار عبد الجواد 1aالاسكندرية:bدار الجامعة الجديدة،c2010.  a473 ؛صفحةc24 سم  2rda contentatext  2rda mediaaComputer  2rda carrieraOnline Resource  aيحتوي على ارجاعات ببليوجرافية
يحتوي على قائمة بالمراجع  aالنص أغلبه باللغة العربية مع بعض النصوص الفرنسية1 aتنازع القوانينxقانون دولي40uhttps://fll.law.cu.edu.eg/fulltext/bks/B12-01330.pdf  a75  2ddcn0cBKe21  c42959d42959  00102ddc40718القانون الدولي الخاصaCUbLAW1d2025-11-12l0oLaw1 12	341.84 ج ا . ت 2010 1201330	C1pB12-01330r2025-11-12 18:58:40t1w2025-11-12yBK  00102ddc40708القانون الدولي الخاصaCUbLAW1d2025-11-12l0oLaw1 12	341.84 ج ا . ت 2010 1201331	C2pB12-01331r2025-11-12 18:59:10t2w2025-11-12yBK